Legacies - who said it? - Statistics

General Stats
  • This quiz has been taken 102 times
  • The average score is 10 of 40
Answer Stats
Hint Answer % Correct
What if the only difference is just who's telling the story? Hope
91%
Whoever she is, she doesn't hold a candle to Hope Mikaelson Lizzie
86%
No matter how strong you are, you are still your father's daughter Alaric
47%
Thanks so much for the villain monologue Hope
42%
There's no fixing me. I am just shattered Lizzie
42%
We are three badass witches, and one moderately competent bird Lizzie
41%
Let's just talk about the ways that in which he could torment you, starting with your dead mother ending with your dead father and how about all of the ghosts of all the people that you've killed in between Alaric
39%
Ryan, baby Come back to bed Hope
39%
Anyone who won't dissolve into a puddle of goo when they have sex will do Lizzie
36%
Bounce MG Lizzie
33%
And not a moment too soon? I'm pretty sure you were about to tell me how babies are made Hope
31%
Some people just want to watch the world burn Penelope
31%
That crystal doesn't work on you and blue isn't your color Josie
30%
Dude smells worse than that blood fountain Kaleb
30%
Moral victory at least Landon
25%
I'm tying to rise above it so let me freaking rise Lizzie
25%
Careful witches, don't let her catch you laugh or she might snap. Your necks, that it Alyssa
22%
Jocks like you tend to find their identity in team because you're completely unremarkable by yourself Hope
22%
You used to like it when I went low Penelope
22%
Just let me out, I'll make it all go away Hope
20%
Every single person here, we look out for each other, so yeah. It's worth it Josie
20%
You are the hottest thing I've ever seen MG
20%
Hope, Alyssa Chang is horny as hell MG
19%
We will win or lose this battle together, no matter what comes next Alaric
17%
It's your eyes Cleo
17%
You can't be out here alone in the woods doing hot guy stuff Hope
17%
Why does that require nudity? Landon
16%
You must already have couple of dozen guys or girls that are interested in you Raf
16%
I used to be jealous of you, and your friends where you had a home, where you always stuck together Clarke
14%
You're strong in other ways Jed Finch
13%
I believe that everyone gets their own version of heaven Raf
13%
Missed me? Clarke
11%
If you wanna see me, you should probably just ask me out Ethan
11%
I know a submissive behavior when I see one Jed
11%
I know we all thought about it but don't kill Lizzie Kaleb
11%
Everything's muted in this plane of existence, dull. Like a bruise Landon
9%
Maybe you should try doubling down on friends to make up for the family you don't have Raf
9%
Love means fighting beside the people you care about, not against them Jed
8%
Mm, go spirits / This bitch is everywhere Kaleb
8%
Thank you for acknowledging the gravity, it's a pretty big life moment for me Clarke
6%
No matching quizzes found
Score Distribution
Percent of People with Each Score
Percentile by Number Answered
Your Score History
You have not taken this quiz